000 00632nam a2200181Ia 4500
008 151018s9999 xx 000 0 und d
082 _bRBASDV61156
_a133.5
100 _aमधुसूदन घाणेकर
245 _aमंगळाची पत्रिका
250 _b1
260 _bसुयोग प्रकाशन पुणे
_c2011
300 _a48
600 _aमधुसूदन घाणेकर
630 _aमंगळाची पत्रिका
700 _aमधुसूदन घाणेकर
730 _aमंगळाची पत्रिका
942 _cBOOK
999 _c1054645
_d1054642